Catálogo
 En Linea

Cedulario indiano : (Registro nro. 35125)

Detalles MARC
000 -CABECERA
campo de control de longitud fija 00736nam a2200205 a 4500
001 - NÚMERO DE CONTROL
campo de control 000035634
005 - FECHA Y HORA DE LA ÚLTIMA TRANSACCIÓN
campo de control 20200930074505.0
008 - DATOS DE LONGITUD FIJA--INFORMACIÓN GENERAL
campo de control de longitud fija 111107s19451946es 000 0 spa d
040 ## - FUENTE DE LA CATALOGACIÓN
Centro catalogador/agencia de origen DO-SdBNP
Lengua de catalogación spa
Centro/agencia transcriptor BNPHU
049 ## - FONDOS LOCALES (OCLC)
Fondos de biblioteca BNPD
245 00 - MENCIÓN DE TÍTULO
Título Cedulario indiano :
Resto del título recopilado por Diego de Encinas.
260 ## - PUBLICACIÓN, DISTRIBUCIÓN, ETC.
Lugar de publicación, distribución, etc. Madrid :
Nombre del editor, distribuidor, etc. Cultura Hispánica,
Fecha de publicación, distribución, etc. 1945 1946.
300 ## - DESCRIPCIÓN FÍSICA
Extensión v. ;
Dimensiones 33 cm.
500 ## - NOTA GENERAL
Nota general reproducción facsímil de la ed. única de 1596 ; estudio e índices por el Dr. Don Alfonso García Gallo.
500 ## - NOTA GENERAL
Nota general Textos en dos columnos
505 0# - NOTA DE CONTENIDO CON FORMATO
Información miscelánea v. 1 --
-- v. 2
-- v. 3 --
-- v. 4 --
533 ## - NOTA DE REPRODUCCIÓN
Tipo de reproducción Facsímil
Lugar de la reproducción Madrid
Institución responsable de la reproducción Imprenta Real
Fecha de la reproducción 1596
700 12 - PUNTO DE ACCESO ADICIONAL--NOMBRE DE PERSONA
Nombre de persona Encinas, Diego de,
Término indicativo de función/relación comp.
9 (RLIN) 61549
700 12 - PUNTO DE ACCESO ADICIONAL--NOMBRE DE PERSONA
Nombre de persona García Gallo, Alfonso.
9 (RLIN) 61550
Existencias
Estado de retiro Estado de pérdida Restricciones de uso No para préstamo Código de colección Localización permanente Ubicación/localización actual Ubicación en estantería Fecha de adquisición Número de inventario Total de préstamos Signatura topográfica completa Código de barras Fecha visto por última vez Precio válido a partir de Tipo de ítem Koha Nota pública
      Excluido de préstamo Monografías: Libros y Folletos General General En catalogación 07.11.2011 LF1   v. 1 35634-30 25.06.2020 25.06.2020 No se presta Perteneció a la biblioteca personal de Julio Ortega Frier.
        Monografías: Libros y Folletos General General Orden iniciada 07.11.2011 LF1   v. 3, e. 2 35634-40 25.06.2020 25.06.2020 No se presta  
      Excluido de préstamo Raros y valiosos General General En catalogación 07.11.2011 LF1   v. 2 35634-10 25.06.2020 25.06.2020 No se presta Perteneció a la biblioteca personal de Julio Ortega Frier.
      Excluido de préstamo Raros y valiosos General General En catalogación 07.11.2011 LF1   v. 3 35634-20 25.06.2020 25.06.2020 No se presta Perteneció a la biblioteca personal de Julio Ortega Frier.
      Excluido de préstamo Raros y valiosos General General En catalogación 07.11.2011 LF1   v. 4 35634-50 25.06.2020 25.06.2020 No se presta  
      Excluido de préstamo Raros y valiosos General General En catalogación 07.11.2011 LF1   v. 3, e. 4 35634-60 25.06.2020 25.06.2020 No se presta  

Con tecnología Koha